Welcome to CU Library Online Public Access Catalogue (OPAC)

Essentials of human anatomy physiology / (Record no. 2280)

MARC details
000 -LEADER
fixed length control field 00653nam a2200229 a 4500
001 - CONTROL NUMBER
control field 4854974
005 - DATE AND TIME OF LATEST TRANSACTION
control field 20241215150032.0
008 - FIXED-LENGTH DATA ELEMENTS--GENERAL INFORMATION
fixed length control field 910918s1992 iaua 001 0 eng
020 ## - INTERNATIONAL STANDARD BOOK NUMBER
International Standard Book Number 069709703X
020 ## - INTERNATIONAL STANDARD BOOK NUMBER
International Standard Book Number 9780697097033
050 00 - LIBRARY OF CONGRESS CALL NUMBER
Classification number QP34.5
Item number .H625 1992
082 00 - DEWEY DECIMAL CLASSIFICATION NUMBER
Classification number 612
Edition information 20
100 1# - MAIN ENTRY--PERSONAL NAME
Personal name Hole, John W.
245 10 - TITLE STATEMENT
Title Essentials of human anatomy physiology /
Statement of responsibility, etc. John W. Hole, Jr.
250 ## - EDITION STATEMENT
Edition statement 4th ed.
260 ## - PUBLICATION, DISTRIBUTION, ETC.
Place of publication, distribution, etc. [Dubuque, IA] :
Name of publisher, distributor, etc. Wm. C. Brown Pub.,
Date of publication, distribution, etc. c1992.
300 ## - PHYSICAL DESCRIPTION
Extent xxii, 560 p. :
Other physical details ill. (some col.) ;
Dimensions 29 cm.
500 ## - GENERAL NOTE
General note Includes index.
650 #0 - SUBJECT ADDED ENTRY--TOPICAL TERM
Topical term or geographic name entry element Human physiology.
650 #0 - SUBJECT ADDED ENTRY--TOPICAL TERM
Topical term or geographic name entry element Human anatomy.
942 ## - ADDED ENTRY ELEMENTS (KOHA)
Source of classification or shelving scheme Library of Congress Classification
Koha item type Books
Edition 4th ed.
Suppress in OPAC No
999 ## -
-- 2280
-- 2280
Holdings
Withdrawn status Lost status Source of classification or shelving scheme Damaged status Not for loan Collection Home library Current library Shelving location Date acquired Total checkouts Full call number Barcode Date last seen Copy number Price effective from Koha item type
    Library of Congress Classification     Non-fiction Science Library (Miotso) Science Library (Miotso) General stacks 12/15/2024   QP34.5 .H63 HOL SLM00001584 12/15/2024 1 12/15/2024 Books
    Library of Congress Classification     Non-fiction Science Library (Miotso) Science Library (Miotso) General stacks 12/15/2024   QP34.5 .H63 HOL SLM00001585 12/15/2024 2 12/15/2024 Books
    Library of Congress Classification     Non-fiction Science Library (Miotso) Science Library (Miotso) General stacks 12/15/2024   QP34.5 .H63 HOL SLM00001586 12/15/2024 3 12/15/2024 Books
    Library of Congress Classification     Non-fiction Science Library (Miotso) Science Library (Miotso) General stacks 12/15/2024   QP34.5 .H63 HOL SLM00001587 12/15/2024 4 12/15/2024 Books
    Library of Congress Classification     Non-fiction Science Library (Miotso) Science Library (Miotso) General stacks 12/15/2024   QP34.5 .H63 HOL SLM00001588 12/15/2024 5 12/15/2024 Books
    Library of Congress Classification     Non-fiction Science Library (Miotso) Science Library (Miotso) General stacks 12/15/2024   QP34.5 .H63 HOL SLM00001589 12/15/2024 6 12/15/2024 Books
    Library of Congress Classification     Non-fiction Science Library (Miotso) Science Library (Miotso) General stacks 12/15/2024   QP34.5 .H63 HOL SLM00001590 12/15/2024 7 12/15/2024 Books
    Library of Congress Classification     Non-fiction Science Library (Miotso) Science Library (Miotso) General stacks 12/15/2024   QP34.5 .H63 HOL SLM00001591 12/15/2024 8 12/15/2024 Books
    Library of Congress Classification     Non-fiction Science Library (Miotso) Science Library (Miotso) General stacks 12/15/2024   QP34.5 .H63 HOL SLM00001592 12/15/2024 9 12/15/2024 Books
© 2023-2024 Copyright: Central University Libraries. All Rights Reserved | Created by: Mahone Tech Office